000 00842nam a22001097a 4500
999 _c11050
_d11050
008 180808b ||||| |||| 00| 0 eng d
020 _a9781841882734
100 _aDilkes, Dr Mike
_96832
245 _aStop Allergies From Ruining Your Life
_bThe Easy Way
260 _aLondon
_bOrion Spring Publication
_c2018
500 _3Many of us are affected by allergies, from the dreaded hayfever - the scourge of the summer - to much talked-about food allergies such as lactose and gluten. Dr Mike Dilkes, one of Harley Street's top Consultant ENT Surgeons, reveals his top tips for living with and treating an allergy.
_aMany of us are affected by allergies, from the dreaded hayfever - the scourge of the summer - to much talked-about food allergies such as lactose and gluten. Dr Mike Dilkes, one of Harley Street's top Consultant ENT Surgeons, reveals his